Kevin Spacey Movies by Clue - Statistics

General Stats
  • This quiz has been taken 119 times
    20 since last reset
  • The average score is 10 of 15
Answer Stats
Year Hint Movie % Correct
1999 A 42-year-old becomes infatuated with his teenage daughter's best friend American Beauty
88%
2017 A music-loving getaway driver owes a debt to mysterious kingpin Doc. Baby Driver
88%
1997 Los Angeles police at the intersection of corruption and Hollywood celebrity L.A. Confidential
88%
1995 Two detectives, one of whom is soon retiring, track down a serial killer Se7en
88%
1995 A small-time con man, one of only two survivors of a massacre, is interrogated The Usual Suspects
88%
2011 Three friends decide to murder their overbearing, abusive bosses Horrible Bosses
76%
2006 An evil bald sociopath attempts to destroy his caped rival...and the world Superman Returns
76%
2001 Is he really an alien or just a delusional mental patient? K-PAX
65%
1992 Two days in the lives of four real estate salesmen Glengarry Glen Ross
59%
1995 Epidemiologists attempt to contain a highly contagious virus Outbreak
59%
1998 Adapted from Aesop's fable "The Ant and the Grasshopper" A Bug's Life
47%
2000 Inspired by his teacher, A 12-year-old launches a goodwill movement Pay It Forward
47%
1998 Action thriller film about two hostage lieutenants The Negotiator
47%
2004 Bobby Darin biopic Beyond the Sea
41%
1994 An influential movie mogul hires a naïve young writer as his assistant Swimming With Sharks
29%
No matching quizzes found
Score Distribution
Percent of People with Each Score
Percentile by Number Answered
Your Score History
You have not taken this quiz since the last reset